| 000 | nam a22 a 4500 | ||
|---|---|---|---|
| 999 |
_c4579 _d4579 |
||
| 003 | AKMAL | ||
| 005 | 20170601102754.0 | ||
| 008 | 1 s2008 my | e l 000 0 may d | ||
| 020 |
_a9677011715 (kkt.) : _cRM15.00 |
||
| 040 | _cAKMAL | ||
| 082 | 0 | 4 |
_a343.5950558 MAL _222 |
| 090 | 0 | 0 |
_a343.5950558 _bMAL |
| 110 | 1 |
_aMalaysia _9400 |
|
| 245 | 1 | 0 |
_aAkta Cukai Perkhidmatan dan Peraturan-Peraturan Akta 151 : _b[semua pindaan hingga 3 November, 2008] / _cdisusun semula oleh: Penasihat Undang-undang MDC |
| 260 |
_aKuala Lumpur : _bMDC Publishers, _c2008 |
||
| 300 |
_a87ms. ; _c26cm. |
||
| 490 | 1 | _aUndang-undang Malaysia | |
| 650 | 1 | 0 |
_aTaxation _xLaw and legislation _zMalaysia _9204 |
| 650 | 2 | 0 |
_aTax administration and procedure _zMalaysia _9182 |
| 650 | 2 | 0 |
_aService industries _xTaxation _zMalaysia _98812 |
| 710 | 2 |
_aPenasihat Undang-Undang MDC _9405 |
|
| 830 | 0 |
_aUNDANG-UNDANG MALAYSIA _98820 |
|
| 942 |
_2ddc _cBOOK |
||